000 00251nam a22001097a 4500
082 _a621.381 IND'S
100 _aSCHURE, A
_978212
245 _aINDUSTRIAL ELECTRONIC MEASUREMENT
260 _aNEWORK
_bJOHN WILEY
_c1964
300 _a126P
942 _cBK
999 _c583371
_d583371